| 000 | 00461cam a2200193ua 4500 | ||
|---|---|---|---|
| 020 | _c2.00 | ||
| 041 |
_amal _h |
||
| 082 |
_a894.812301 _bWAR/OR |
||
| 100 | _aWarrier, P A . | ||
| 245 |
_aOru prathibhachakravarthi / _cP A Warrier. _hTextual Documents |
||
| 250 |
_a1 / _b. |
||
| 260 |
_aThrissur : _bCurrent Books , _c1966. |
||
| 300 | _a148 ; . | ||
| 365 | _a2.00 | ||
| 504 | _a | ||
| 942 | _cBK | ||
| 999 |
_c12581 _d12581 |
||